[Event "ESP chT Honor Division 2019"]
[Site "Melilla"]
[Date "2019.10.06"]
[Round "7.4"]
[White "Suarez Real, Alberto"]
[Black "Lopez Martinez, Josep Manuel"]
[Result "0-1"]
[WhiteElo "2460"]
[BlackElo "2573"]
[Annotator "ChessBase"]
[PlyCount "74"]
[EventDate "2019.09.30"]
[EventType "team-tourn"]
[EventCountry "ESP"]
[SourceTitle "playchess.com"]
[Source "ChessBase"]
[SourceQuality "1"]
[TimeControl "40/5400+30:1800+30"]

1. e4 {[%emt 0:00:00]} c5 {[%emt 0:00:12]} 2. Nf3 {[%emt 0:00:00]} d6 {[%emt 0:00:13]} 3. d4 {[%emt 0:00:24]} cxd4 {[%emt 0:00:14]} 4. Nxd4 {[%emt 0:00:04]} Nf6 {[%emt 0:00:26]} 5. Nc3 {[%emt 0:00:06]} a6 {[%emt 0:00:25]} 6. Bg5 {[%emt 0:00:45]} e6 {[%emt 0:01:25]} 7. f4 {[%emt 0:01:12]} h6 {[%emt 0:01:18]} 8. Bh4 {[%emt 0:00:29]} Qb6 {[%emt 0:00:33]} 9. a3 {[%emt 0:01:03]} Nbd7 {[%emt 0:02:20]} 10. Bf2 {[%emt 0:02:08]} Qa5 {[%emt 0:06:36]} 11. Qe2 {[%emt 0:11:05]} e5 {[%emt 0:04:50]} 12. Nb3 {[%emt 0:10:09]} Qc7 {[%emt 0:00:21]} 13. f5 {[%emt 0:20:04]} b5 {[%emt 0:09:15]} 14. g4 {[%emt 0:11:26]} Bb7 {[%emt 0:07:25]} 15. O-O-O {[%emt 0:06:04]} Rc8 {[%emt 0:01:23]} 16. Bg2 {[%emt 0:05:37]} Nb6 {[%emt 0:02:32]} 17. Na5 {[%emt 0:05:10]} Ba8 {[%emt 0:01:55]} 18. Kb1 {[%emt 0:02:11]} Be7 {[%emt 0:01:29]} 19. Bf3 {[%emt 0:06:07]} Nc4 {[%emt 0:12:02]} 20. Nxc4 {[%emt 0:00:35]} Qxc4 {[%emt 0:00:14]} 21. Rd3 {[%emt 0:02:48]} Rb8 {[%emt 0:09:46]} 22. b3 {[%emt 0:04:24]} Qc7 {[%emt 0:00:15]} 23. h4 {[%emt 0:01:26]} b4 {[%emt 0:02:07]} 24. axb4 {[%emt 0:00:45]} Rxb4 {[%emt 0:00:18]} 25. g5 {[%emt 0:00:40]} Nd7 {[%emt 0:00:20]} 26. Nd5 {[%emt 0:04:25]} Bxd5 {[%emt 0:01:43]} 27. Rxd5 {[%emt 0:00:03]} hxg5 {[%emt 0:02:49]} 28. hxg5 {[%emt 0:00:07]} Rxh1+ {[%emt 0:00:17]} 29. Bxh1 {[%emt 0:00:02]} Bxg5 {[%emt 0:01:07]} 30. Qxa6 {[%emt 0:02:21]} Rxb3+ {[%emt 0:01:00]} 31. cxb3 {[%emt 0:00:29]} Qc1+ {[%emt 0:00:06]} 32. Ka2 {[%emt 0:00:03]} Qc2+ {[%emt 0:00:25]} 33. Ka1 {[%emt 0:00:28]} Bd2 {[%emt 0:01:51]} 34. Rxd2 {[%emt 0:01:31]} Qc1+ {[%emt 0:00:06]} 35. Ka2 {[%emt 0:00:10]} Qxd2+ {[%emt 0:00:05]} 36. Ka3 {[%emt 0:00:46]} Qxf2 {[%emt 0:00:46]} 37. Qxd6 {[%emt 0:00:04]} Qf1 {[%emt 0:00:33]} 0-1

[Event "ESP chT Honor Division 2019"]
[Site "Melilla"]
[Date "2019.10.06"]
[Round "7.5"]
[White "Ibarra Jerez, Jose Carlos"]
[Black "Ortega Hermida, Daniel"]
[Result "1/2-1/2"]
[WhiteElo "2538"]
[BlackElo "2341"]
[Annotator "ChessBase"]
[PlyCount "67"]
[EventDate "2019.09.30"]
[EventType "team-tourn"]
[EventCountry "ESP"]
[SourceTitle "playchess.com"]
[Source "ChessBase"]
[SourceQuality "1"]
[TimeControl "40/5400+30:1800+30"]

1. Nf3 {[%emt 0:00:00]} Nf6 {[%emt 0:00:00]} 2. g3 {[%emt 0:00:16]} e6 {[%emt 0:00:00]} 3. Bg2 {[%emt 0:01:10]} d5 {[%emt 0:00:10]} 4. O-O {[%emt 0:00:33]} Be7 {[%emt 0:00:25]} 5. c4 {[%emt 0:00:34]} O-O {[%emt 0:00:18]} 6. b3 {[%emt 0:00:38]} a5 {[%emt 0:03:44]} 7. Nc3 {[%emt 0:05:11]} d4 {[%emt 0:04:19]} 8. Nb5 {[%emt 0:01:46]} c5 {[%emt 0:00:08]} 9. e3 {[%emt 0:04:05]} Nc6 {[%emt 0:00:33]} 10. exd4 {[%emt 0:00:46]} cxd4 {[%emt 0:00:06]} 11. Re1 {[%emt 0:00:55]} d3 {[%emt 0:01:14]} 12. Bb2 {[%emt 0:06:57]} Bd7 {[%emt 0:06:43]} 13. Qb1 Bc5 {[%emt 0:10:31]} 14. Qxd3 {[%emt 0:14:04]} Nb4 {[%emt 0:00:43]} 15. Qb1 {[%emt 0:05:42]} Bxb5 {[%emt 0:00:09]} 16. d4 {[%emt 0:00:26]} Be7 {[%emt 0:01:30]} 17. cxb5 {[%emt 0:02:50]} a4 {[%emt 0:03:37]} 18. a3 {[%emt 0:02:13]} Nbd5 {[%emt 0:03:04]} 19. Qd3 {[%emt 0:01:34]} axb3 {[%emt 0:25:18]} 20. Qxb3 {[%emt 0:02:04]} Qa5 {[%emt 0:02:02]} 21. Qd3 {[%emt 0:21:22]} Qa4 {[%emt 0:03:49]} 22. Rec1 {[%emt 0:02:54]} Rfd8 {[%emt 0:09:30]} 23. Bf1 {[%emt 0:02:28]} Ne8 {[%emt 0:04:27]} 24. Rcb1 {[%emt 0:03:02]} Nd6 {[%emt 0:01:23]} 25. Bc1 {[%emt 0:00:27]} Rac8 {[%emt 0:01:28]} 26. Qb3 {[%emt 0:01:42]} Nb6 {[%emt 0:04:45]} 27. Bd2 {[%emt 0:01:03]} Nf5 {[%emt 0:00:25]} 28. Ra2 {[%emt 0:04:57]} Bf6 {[%emt 0:01:55]} 29. Qxa4 {[%emt 0:02:08]} Nxa4 {[%emt 0:00:05]} 30. Rc1 {[%emt 0:01:28]} Rxc1 {[%emt 0:01:31]} 31. Bxc1 {[%emt 0:00:06]} Nxd4 {[%emt 0:00:06]} 32. Nxd4 {[%emt 0:00:20]} Bxd4 {[%emt 0:00:28]} 33. Rc2 {[%emt 0:00:54]} Nc5 {[%emt 0:01:43]} 34. Kg2 {[%emt 0:01:06]} 1/2-1/2

[Event "ESP chT Honor Division 2019"]
[Site "Melilla"]
[Date "2019.10.06"]
[Round "7.6"]
[White "Vega Gutierrez, Belinda"]
[Black "Vega Gutierrez, Sabrina"]
[Result "1/2-1/2"]
[WhiteElo "2152"]
[BlackElo "2395"]
[Annotator "TA"]
[PlyCount "159"]
[EventDate "2019.09.30"]
[EventType "team-tourn"]
[EventCountry "ESP"]
[SourceTitle "playchess.com"]
[Source "ChessBase"]
[SourceQuality "1"]

{[%evp 20,159,10,0,4,-3,22,12,12,2,5,9,10,9,27,10,18,0,0,0,0,0,0,0,0,0,0,0,2,-10,-27,-30,-20,-52,-46,-109,-121,-117,-56,-105,-122,-133,-133,-133,-134,-126,-77,-77,-77,-77,-77,-85,-78,-126,-124,-100,-6,-6,-6,-6,-6,-6,-6,-7,-13,-14,0,0,0,-15,0,-15,-15,-15,-15,-15,-15,-15,-15,-15,-15,-15,-15,-15,-4,-25,0,0,0,0,0,0,0,0,0,0,0,0,0,0,0,0,0,0,0,0,0,0,0,0,0,0,0,0,0,0,0,0,0,0,0,0,0,0,0,0,0,0,0,0,0,0,0,0,0,0,0,0,0,0,0,0]} 1. e4 c5 2. Nf3 Nc6 3. d4 cxd4 4. Nxd4 Nf6 5. Nc3 e5 6. Ndb5 d6 7. Bg5 a6 8. Na3 b5 9. Nd5 Be7 10. Bxf6 Bxf6 11. c4 b4 {B33: Sicilian: Pelikan and Sveshnikov Variations} 12. Nc2 O-O 13. g3 Bg5 14. Bg2 a5 15. b3 (15. O-O Ne7 16. Nce3 Bxe3 17. Nxe3 Be6 18. b3 Ra7 19. Qd3 {½-½ (52) Nepomniachtchi,I (2776)-Yu,Y (2763) Khanty-Mansiysk 2019}) 15... Be6 16. O-O Qb8 17. Qd3 Bd8 (17... Qa7 {is more complex.} 18. a3 bxa3 19. Rxa3 Qc5 20. h4 Bh6) 18. Rad1 Bb6 19. Nxb6 Qxb6 {[#]} 20. Kh1 $146 ({Avoid the trap} 20. Qxd6 $2 Rad8 $19) ({Predecessor:} 20. Ne3 Rfd8 {0-1 (41) Castellanos Rodriguez,R (2510)-Illescas Cordoba,M (2608) Linares 2013}) 20... Rfd8 21. f4 f6 22. f5 Bf7 23. g4 a4 24. h3 axb3 25. axb3 Ra2 26. Rd2 Rb2 27. Ne3 (27. Rfd1 $15) 27... Rxd2 $17 28. Qxd2 {[#]} Ra8 (28... Qd4 $1 $17 {[%cal Rd4d2]} 29. Rd1 Qxd2 30. Rxd2 Nd4) 29. Nc2 ({Don't blunder} 29. Qxd6 $2 Rd8 $19) 29... h6 30. Ra1 Rxa1+ 31. Nxa1 Nd4 32. Qd3 Qa7 33. Nc2 Nxc2 34. Qxc2 Qe3 35. Qd1 Kh7 36. Qf3 Qc1+ 37. Bf1 Bxc4 ({Better is} 37... Be8 $17 {next ...Bc6 is good for Black.} 38. Kh2 {[#]} h5 $1 {[%mdl 512]}) 38. bxc4 $11 b3 $1 {[%cal Rb3b2]} 39. Kg2 b2 40. Bd3 b1=Q 41. Bxb1 {Hoping for Qd3.} Qxb1 {[%mdl 4096] Endgame KQ-KQ} 42. Qe2 Qb3 43. h4 Kg8 44. Kh2 Qc3 45. Qa2 Kh7 46. Qe2 $1 Qc1 47. Kg2 Qf4 48. Kh3 Kh8 49. Kg2 Kg8 50. Kh3 Qc1 51. Kg2 Qc3 52. Qa2 Qe1 53. c5+ $1 {The position is equal.} Kh7 54. cxd6 Qxe4+ {[%mdl 64] Double Attack} 55. Kh2 Qf4+ 56. Kh3 Qf3+ 57. Kh2 Qxg4 58. Qe6 Qxh4+ 59. Kg2 Qe4+ 60. Kh2 Qc2+ (60... h5 $5 61. d7 $8 Qe2+ 62. Kh1 Qf3+ 63. Kh2 Qf2+ 64. Kh1 Qh4+ 65. Kg2 Qe4+ 66. Kh2 Qe2+ 67. Kh3 Qf3+ 68. Kh2 Qf4+ 69. Kg2 Qg4+ 70. Kh1 Qd4 $11) 61. Kh3 Qd3+ 62. Kg2 e4 {...Qd2+ is the strong threat.} 63. d7 e3 64. Qe8 Qe2+ 65. Kh1 Qf1+ 66. Kh2 Qf2+ 67. Kh1 $1 Qh4+ 68. Kg2 Qg4+ 69. Kh2 {Threatens to win with Qg6+!} Qf4+ 70. Kg2 Qf2+ 71. Kh1 $1 Qe1+ 72. Kg2 {Qg6+ would kill now.} Qf2+ 73. Kh1 $1 {Threatening mate with Qg6+.} Qf3+ 74. Kh2 {White threatens Qg6+ and mate.} Qe2+ 75. Kg1 {Intending Qg6+ and mate.} Qd1+ 76. Kg2 e2 {And now ...Qf1+ would win.} 77. Qg6+ Kh8 (77... Kg8 $5 78. Qe8+ $8 Kh7 79. Qg6+ Kh8 80. Qe8+ Kh7 $11) 78. Qe8+ Kh7 {Strongly threatening ...Qf1+.} 79. Qg6+ Kh8 (79... Kg8 $5 80. Qe8+ $8 Kh7 $11) 80. Qe8+ {Accuracy: White = 64%, Black = 65%.} 1/2-1/2

[Event "ESP chT Honor Division 2019"]
[Site "Melilla"]
[Date "2019.10.06"]
[Round "7.7"]
[White "Cheparinov, Ivan"]
[Black "Banusz, Tamas"]
[Result "1-0"]
[WhiteElo "2670"]
[BlackElo "2619"]
[Annotator "TA"]
[PlyCount "67"]
[EventDate "2019.09.30"]
[EventType "team-tourn"]
[EventCountry "ESP"]
[SourceTitle "playchess.com"]
[Source "ChessBase"]
[SourceQuality "1"]

{[%evp 15,67,22,25,24,16,17,39,35,45,45,39,17,33,39,38,22,24,39,20,21,22,29,34,37,99,72,68,83,183,175,151,174,125,99,108,110,106,52,43,57,39,18,73,88,90,76,274,105,822,825,1838,1796,2013,1847]} 1. d4 d5 2. c4 c6 3. Nf3 Nf6 4. Nc3 dxc4 5. a4 Bf5 6. Ne5 Nbd7 7. Nxc4 Nb6 8. Ne5 a5 9. e3 {D17: Slav Defence: 5 a4 Bf5: Lines with 6 Nh4 and 6 Ne5} Nbd7 10. Nc4 Qb8 11. f4 {White is slightly better.} e6 12. Be2 h6 $146 ({Predecessor:} 12... Bb4 13. g4 Bg6 14. O-O h5 15. g5 Nd5 16. e4 Bxc3 17. bxc3 Bxe4 {1-0 (33) Vidit,S (2693)-Banusz,T (2611) Linares 2017}) 13. O-O Bb4 14. Bf3 O-O 15. e4 Bh7 16. e5 Nd5 17. Nxd5 cxd5 18. Ne3 Qa7 {[#]} 19. f5 $1 {[%mdl 512]} Bxf5 (19... Nb8 $14) (19... exf5 20. g3) 20. Nxf5 $16 exf5 21. Kh1 $1 ({Don't play} 21. Bxd5 Nxe5 22. Rxf5 Nc6 $11) 21... Rad8 {[#]} (21... Nb8 $16) 22. g4 $1 $18 f4 23. Bxf4 Be7 24. Qd3 ({But not} 24. Bxd5 $6 Nxe5 25. dxe5 (25. Bxe5 Rxd5 26. Qf3 Rdd8 $11) 25... Qc5 $11) 24... Nb8 25. Rad1 Nc6 26. g5 ({White should play} 26. Qe3 $16) 26... hxg5 $14 27. Be3 {Hoping for Bh5.} Qb6 28. Bg4 Nb4 (28... g6 $11 {remains equal.}) 29. Qd2 $16 f6 {[#]} 30. exf6 $1 gxf6 $2 (30... Rxf6 $16 {keeps fighting.} 31. Bxg5 Rxf1+ 32. Rxf1 Rf8 33. Rxf8+ Kxf8) 31. Qf2 $2 (31. Bf5 $18 {and White stays clearly on top.}) 31... Rf7 $2 {[%mdl 8192] [#]} (31... Qc6 $16) 32. Bxg5 $1 $18 {[%mdl 512] White is clearly winning.} Rg7 (32... fxg5 33. Qxf7+) 33. Bh6 Rg6 34. Rg1 {Accuracy: White = 77%, Black = 43%.} 1-0

[Event "ESP chT Honor Division 2019"]
[Site "Melilla"]
[Date "2019.10.06"]
[Round "7.8"]
[White "Kuzubov, Yuriy"]
[Black "Predke, Alexandr"]
[Result "0-1"]
[WhiteElo "2636"]
[BlackElo "2657"]
[Annotator "TA"]
[PlyCount "82"]
[EventDate "2019.09.30"]
[EventType "team-tourn"]
[EventCountry "ESP"]
[SourceTitle "playchess.com"]
[Source "ChessBase"]
[SourceQuality "1"]

{[%evp 15,114,7,3,-69,-85,-67,-54,-51,-74,-53,-47,-57,-40,-51,41,-31,-37,-52,-38,-35,-55,-41,-41,-37,-15,-35,-14,-49,-51,-39,-25,-38,-41,-71,-6,-10,-6,-7,0,-2,0,0,0,-46,-37,-51,-54,-63,-63,-118,-122,-128,-135,-134,-147,-185,-160,-214,-149,-125,-127,-162,-134,-147,-147,-171,-171,-279,-208,-218,-182,-186,-185,-158,-150,-147,-151,-168,-170,-250,-249,-261,-260,-219,-185,-223,-207,-260,-258,-239,-200,-311,-306,-437,-430,-430,-410,-519,-410,-29982,-29983]} 1. d4 Nf6 2. c4 e6 3. Nf3 b6 4. g3 Bb7 5. Bg2 Bb4+ 6. Bd2 Be7 7. Nc3 c6 8. e4 d5 9. Ng5 $146 {E16: Queen's Indian: 4 g3 Bb7 5 Bg2 Bb4+} (9. exd5 $11 cxd5 10. Ne5) ({Predecessor:} 9. exd5 cxd5 10. Ne5 O-O 11. O-O Nc6 12. Bf4 Na5 13. Rc1 dxc4 14. Bxb7 Nxb7 15. Nxc4 Bb4 16. Bg5 Nd6 17. Nxd6 Bxd6 {1-0 (41) Radjabov,T (2724)-Eljanov,P (2739) Geneva 2017}) 9... h6 $15 10. Nxe6 fxe6 11. e5 {Black is slightly better.} Nh7 $1 12. Qh5+ Kd7 13. cxd5 cxd5 {Hoping for ...Nc6.} 14. Qg4 Bb4 (14... h5 $15 15. Qxh5 Nc6) 15. Qxg7+ ({White should play} 15. Rc1 $14 Na6 16. Nxd5) 15... Qe7 16. Qxe7+ Bxe7 17. Bxh6 Ng5 18. Bxg5 $1 Bxg5 19. f4 Be7 20. f5 exf5 21. Nxd5 Bxd5 22. Bxd5 Nc6 23. Rd1 Rad8 24. Bg2 Rh6 (24... Nb4 $17 {aiming for ...Ke6.} 25. d5 Nc2+ 26. Ke2 Bg5) 25. O-O $11 Kc7 26. Bxc6 $1 Kxc6 27. Rxf5 Kd5 28. Rf7 Ke6 29. Rff1 Rhh8 30. Kg2 Rd5 31. h4 Rhd8 $1 32. Rc1 (32. Rf4 $15) 32... Rxd4 $17 33. Rc6+ Kxe5 34. Re1+ Kd5 35. Rc7 Bb4 36. Re2 (36. Rf1 $17 {was necessary.}) 36... a5 37. Rg7 Kc4 38. Kh3 Kd3 39. Rf2 Bc5 40. Rg2 Re4 41. h5 (41. Rg5 $142) 41... Re1 {Played: Re4-e3} 0-1

[Event "ESP chT Honor Division 2019"]
[Site "Melilla"]
[Date "2019.10.06"]
[Round "7.9"]
[White "Santos Latasa, Jaime"]
[Black "Forcen Esteban, Daniel"]
[Result "1-0"]
[WhiteElo "2580"]
[BlackElo "2568"]
[Annotator "ChessBase"]
[PlyCount "43"]
[EventDate "2019.09.30"]
[EventType "team-tourn"]
[EventCountry "ESP"]
[SourceTitle "playchess.com"]
[Source "ChessBase"]
[SourceQuality "1"]
[TimeControl "40/5400+30:1800+30"]

1. d4 {[%emt 0:00:00]} Nf6 {[%emt 0:00:00]} 2. c4 {[%emt 0:00:00]} d6 {[%emt 0:00:06]} 3. Nc3 {[%emt 0:00:00]} e5 {[%emt 0:00:04]} 4. Nf3 {[%emt 0:00:00]} exd4 {[%emt 0:01:20]} 5. Nxd4 {[%emt 0:00:05]} g6 6. e4 {[%emt 0:04:01]} Bg7 {[%emt 0:00:28]} 7. Be2 {[%emt 0:00:26]} O-O {[%emt 0:00:06]} 8. O-O Re8 {[%emt 0:00:24]} 9. f3 {[%emt 0:00:11]} Nc6 {[%emt 0:00:41]} 10. Be3 {[%emt 0:01:30]} Nh5 {[%emt 0:00:30]} 11. Qd2 {[%emt 0:01:07]} Nf4 {[%emt 0:00:41]} 12. Kh1 {[%emt 0:03:22]} Nxd4 {[%emt 0:22:25]} 13. Bxd4 {[%emt 0:10:48]} Be5 {[%emt 0:00:30]} 14. Rad1 {[%emt 0:09:52]} Be6 15. Rfe1 Nxe2 {[%emt 0:22:28]} 16. Qxe2 {[%emt 0:00:38]} Qh4 {[%emt 0:00:30]} 17. Bxe5 {[%emt 0:00:38]} dxe5 {[%emt 0:00:30]} 18. Nd5 {[%emt 0:00:30]} Rac8 {[%emt 0:12:12]} 19. g3 {[%emt 0:00:58]} Qg5 {[%emt 0:00:07]} 20. Qf2 {[%emt 0:00:46]} c6 {[%emt 0:02:41]} 21. f4 {[%emt 0:00:23]} Qd8 {[%emt 0:00:05]} 22. Ne3 {[%emt 0:00:30]} 1-0

[Event "ESP chT Honor Division 2019"]
[Site "Melilla"]
[Date "2019.10.06"]
[Round "7.10"]
[White "Llorente Zaro, Alfonso"]
[Black "Perez Candelario, Manuel"]
[Result "0-1"]
[WhiteElo "2447"]
[BlackElo "2621"]
[Annotator "TA"]
[PlyCount "50"]
[EventDate "2019.09.30"]
[EventType "team-tourn"]
[EventCountry "ESP"]
[SourceTitle "playchess.com"]
[Source "ChessBase"]
[SourceQuality "1"]

{[%evp 11,132,0,32,26,43,39,52,46,61,29,25,22,25,5,25,30,36,15,15,8,25,13,66,16,40,17,19,7,16,22,14,-17,-24,-8,32,36,42,23,63,-94,-42,-43,-40,-46,-38,-50,-47,-56,-44,-112,-112,-113,-120,-109,-118,-171,-108,-121,-121,-160,-160,-179,-158,-193,-193,-191,-162,-173,-168,-174,-170,-157,-157,-178,-184,-179,-184,-168,-166,-169,-139,-140,-138,-129,-111,-121,-83,-79,-68,-133,-133,-134,-133,-148,-141,-141,-134,-133,-126,-126,-126,-126,-126,-126,-126,-126,-118,-110,-111,-131,-104,-1547,-605,-393,-324,-1272,-1033,-12846,-12847,-12849,-12845,-12845,-12845]} 1. d4 f5 2. Nf3 Nf6 3. g3 g6 4. Bg2 Bg7 5. O-O O-O 6. b4 {[%cal Bb2b4,Bb4b5][%mdl 32]} c6 7. a4 {A81: Dutch Defence: 2 g3} d6 8. Bb2 Kh8 9. Nbd2 $146 {White is slightly better.} ({Predecessor:} 9. c4 Be6 10. Nbd2 a6 11. Rc1 Bg8 12. Ne1 Nbd7 13. Nd3 Qe8 14. Re1 Rd8 15. Qc2 e5 16. dxe5 Nxe5 {½-½ (27) Epishin,V (2667)-Teran Alvarez,I (2401) Malaga 2000}) 9... Be6 10. b5 Bg8 11. c4 Nbd7 12. a5 a6 13. bxc6 bxc6 14. Qa4 Rb8 15. Bc3 Qc7 16. Ne1 Ne4 (16... e5 $11) 17. Nxe4 fxe4 18. Bxe4 c5 19. Nf3 cxd4 20. Bxd4 e5 21. Bb6 Nxb6 22. axb6 Rxb6 23. Nd2 Qc5 24. Qa3 Qd4 25. Qd3 $2 (25. Ra2 $14 {keeps the upper hand.}) 25... Rb2 {Played: Rf8xf2} 0-1

[Event "ESP chT Honor Division 2019"]
[Site "Melilla"]
[Date "2019.10.06"]
[Round "7.11"]
[White "Moreno Tejera, Emilio"]
[Black "Gines Esteo, Pedro Antonio"]
[Result "0-1"]
[WhiteElo "2427"]
[BlackElo "2451"]
[Annotator "ChessBase"]
[PlyCount "82"]
[EventDate "2019.09.30"]
[EventType "team-tourn"]
[EventCountry "ESP"]
[SourceTitle "playchess.com"]
[Source "ChessBase"]
[SourceQuality "1"]
[TimeControl "40/5400+30:1800+30"]

1. e4 c6 {[%emt 0:00:00]} 2. d4 {[%emt 0:00:00]} d5 {[%emt 0:00:00]} 3. e5 {[%emt 0:00:11]} Bf5 {[%emt 0:00:00]} 4. Be3 {[%emt 0:00:10]} e6 {[%emt 0:00:50]} 5. Nd2 {[%emt 0:00:05]} Nd7 {[%emt 0:00:15]} 6. c3 {[%emt 0:00:17]} Ne7 {[%emt 0:00:41]} 7. f4 {[%emt 0:02:35]} h5 {[%emt 0:09:50]} 8. Ngf3 {[%emt 0:05:29]} Bg4 {[%emt 0:01:11]} 9. h3 {[%emt 0:00:30]} Nf5 {[%emt 0:00:30]} 10. Bf2 {[%emt 0:00:09]} Bxf3 {[%emt 0:00:07]} 11. Nxf3 {[%emt 0:00:07]} h4 {[%emt 0:00:25]} 12. Bd3 {[%emt 0:00:41]} g6 {[%emt 0:01:29]} 13. O-O {[%emt 0:05:09]} Be7 {[%emt 0:21:21]} 14. b3 {[%emt 0:11:03]} Qa5 {[%emt 0:00:17]} 15. c4 {[%emt 0:02:57]} Qa3 {[%emt 0:04:52]} 16. Qc2 {[%emt 0:07:40]} Bd8 {[%emt 0:11:05]} 17. Rab1 {[%emt 0:09:56]} Nb8 {[%emt 0:00:05]} 18. cxd5 {[%emt 0:02:26]} cxd5 {[%emt 0:06:18]} 19. Bb5+ {[%emt 0:15:31]} Nd7 {[%emt 0:21:21]} 20. b4 {[%emt 0:04:19]} Ne3 {[%emt 0:00:01]} 21. Bxe3 {[%emt 0:00:30]} Qxe3+ {[%emt 0:00:30]} 22. Kh1 {[%emt 0:01:32]} a6 23. Qa4 axb5 {[%emt 0:04:00]} 24. Qxa8 {[%emt 0:00:40]} O-O {[%emt 0:01:49]} 25. Qxb7 {[%emt 0:00:40]} Nb6 {[%emt 0:00:01]} 26. Qc6 {[%emt 0:01:53]} Nc4 {[%emt 0:01:59]} 27. Rbe1 {[%emt 0:11:38]} Qxf4 {[%emt 0:00:17]} 28. Qxb5 {[%emt 0:00:14]} Ne3 {[%emt 0:05:32]} 29. Rf2 {[%emt 0:05:41]} Nf5 {[%emt 0:00:34]} 30. Qd3 {[%emt 0:00:30]} Bb6 {[%emt 0:00:30]} 31. Qd2 {[%emt 0:01:14]} Qg3 {[%emt 0:03:30]} 32. a4 {[%emt 0:01:00]} Rc8 {[%emt 0:00:42]} 33. a5 {[%emt 0:00:58]} Bd8 {[%emt 0:00:01]} 34. Rff1 {[%emt 0:03:21]} g5 {[%emt 0:02:59]} 35. Rc1 {[%emt 0:00:56]} Rb8 {[%emt 0:00:34]} 36. Rc3 {[%emt 0:01:32]} g4 {[%emt 0:01:14]} 37. Nh2 {[%emt 0:00:59]} Qxc3 {[%emt 0:00:24]} 38. Qxc3 {[%emt 0:01:33]} Ng3+ {[%emt 0:00:05]} 39. Kg1 {[%emt 0:00:30]} Ne2+ {[%emt 0:00:00]} 40. Kh1 {[%emt 0:00:00]} Nxc3 {[%emt 0:00:00]} 41. Nxg4 Kg7 0-1

[Event "ESP chT Honor Division 2019"]
[Site "Melilla"]
[Date "2019.10.06"]
[Round "7.12"]
[White "Osmak, Iulija"]
[Black "Bivol, Alina"]
[Result "1-0"]
[WhiteElo "2409"]
[BlackElo "2371"]
[Annotator "ChessBase"]
[PlyCount "91"]
[EventDate "2019.09.30"]
[EventType "team-tourn"]
[EventCountry "ESP"]
[SourceTitle "playchess.com"]
[Source "ChessBase"]
[SourceQuality "1"]
[TimeControl "40/5400+30:1800+30"]

1. d4 {[%emt 0:00:00]} Nf6 {[%emt 0:00:00]} 2. Bf4 {[%emt 0:00:00]} g6 {[%emt 0:00:00]} 3. e3 {[%emt 0:00:00]} d6 {[%emt 0:01:42]} 4. Be2 {[%emt 0:00:00]} Bg7 {[%emt 0:02:06]} 5. Nf3 {[%emt 0:00:02]} Nbd7 {[%emt 0:01:04]} 6. h3 {[%emt 0:00:50]} b6 {[%emt 0:00:08]} 7. a4 {[%emt 0:03:37]} O-O {[%emt 0:01:11]} 8. a5 {[%emt 0:00:43]} bxa5 {[%emt 0:02:27]} 9. Nbd2 {[%emt 0:01:37]} c5 {[%emt 0:02:09]} 10. Nb3 {[%emt 0:08:19]} a4 {[%emt 0:16:38]} 11. Rxa4 {[%emt 0:00:14]} Nb6 {[%emt 0:00:24]} 12. Ra3 {[%emt 0:02:29]} cxd4 {[%emt 0:01:52]} 13. exd4 {[%emt 0:00:14]} Nbd5 {[%emt 0:04:57]} 14. Bd2 {[%emt 0:07:25]} Ne4 {[%emt 0:01:01]} 15. Ba5 {[%emt 0:00:43]} Qd7 {[%emt 0:00:20]} 16. Nfd2 {[%emt 0:18:28]} f5 {[%emt 0:14:30]} 17. O-O {[%emt 0:07:06]} Bb7 {[%emt 0:02:09]} 18. Nxe4 {[%emt 0:04:05]} fxe4 {[%emt 0:00:11]} 19. Bd2 {[%emt 0:00:13]} e3 {[%emt 0:04:18]} 20. fxe3 {[%emt 0:02:16]} Rxf1+ {[%emt 0:04:41]} 21. Bxf1 {[%emt 0:06:27]} Nf6 {[%emt 0:00:15]} 22. Na5 {[%emt 0:07:56]} Be4 {[%emt 0:00:07]} 23. Bd3 {[%emt 0:01:11]} Rf8 {[%emt 0:00:50]} 24. Qe2 {[%emt 0:01:33]} Kh8 {[%emt 0:01:42]} 25. Ra1 {[%emt 0:03:53]} Rb8 {[%emt 0:07:53]} 26. Nc4 {[%emt 0:02:57]} Qb7 {[%emt 0:00:25]} 27. b3 {[%emt 0:01:26]} Nh5 {[%emt 0:03:46]} 28. Kh2 {[%emt 0:05:47]} Nf6 {[%emt 0:07:15]} 29. Be1 {[%emt 0:02:58]} h6 {[%emt 0:01:47]} 30. Nd2 {[%emt 0:00:42]} Bxd3 {[%emt 0:05:58]} 31. Qxd3 {[%emt 0:00:03]} e5 {[%emt 0:02:25]} 32. Qxg6 {[%emt 0:02:57]} exd4 {[%emt 0:00:28]} 33. exd4 {[%emt 0:00:15]} Rg8 {[%emt 0:00:05]} 34. Bg3 {[%emt 0:01:22]} Re8 {[%emt 0:02:44]} 35. Bh4 {[%emt 0:02:56]} Rf8 {[%emt 0:02:40]} 36. Rf1 {[%emt 0:00:19]} Nh7 {[%emt 0:03:20]} 37. Rxf8+ {[%emt 0:00:27]} Nxf8 {[%emt 0:01:18]} 38. Qxd6 {[%emt 0:00:14]} Qf7 {[%emt 0:00:02]} 39. Nf3 {[%emt 0:01:06]} Ne6 {[%emt 0:01:01]} 40. Bg3 {[%emt 0:00:20]} Bf8 {[%emt 0:01:19]} 41. Ne5 {[%emt 0:31:14]} Qf5 {[%emt 0:31:08]} 42. Qd7 {[%emt 0:00:26]} Bg7 {[%emt 0:00:53]} 43. Nf7+ {[%emt 0:00:00]} Kg8 {[%emt 0:00:00]} 44. d5 {[%emt 0:00:00]} Nd4 {[%emt 0:00:00]} 45. Qxf5 {[%emt 0:00:00]} Nxf5 {[%emt 0:00:00]} 46. Nd8 {[%emt 0:00:00]} 1-0